000 01193nmc a2200433 a 4500
003 AR-BaBNM
005 20251128205527.0
008 287119s1995 ||||||||||||||000 | spa||
020 _a84-7112-387-8
040 _cAR-BaBNM
100 1 _aHalliday, John
245 1 0 _aEducación, gerencialismo y mercado
260 _aMadrid
_bEdiciones Morata
_c1995
300 0 _a174 p.
490 0 _aPedagogía
500 0 _aIndice de autores y materias: p. 170-174
504 _aBibliografía: p. 162-169
600 1 4 _aHabermas, Jurguen
600 1 4 _aGadamer, Hans Georg
650 4 _aEDUCACION Y EMPLEO
650 4 _aMERCADO DE TRABAJO
650 4 _aTEORIAS DE LA EDUCACION
650 4 _aMERCADOS
650 4 _aGERENTES
650 4 _aFILOSOFIA DE LA EDUCACION
650 4 _aHERMENEUTICA
650 4 _aPOSITIVISMO
650 4 _aFINALIDADES DE LA EDUCACION
650 4 _aCURRICULO
650 4 _aORIENTACION PROFESIONAL
650 4 _aCONSUMO
650 4 _aEMPLEO DE LOS JOVENES
653 0 _aGESTION EDUCATIVA
653 0 _aGESTION INSTITUCIONAL
700 1 _aManzano, Pablo
_etraductor
700 1 _aSolana, Guillermo
_etraductor
942 _cBK
998 _csilvi
999 _c11755
_d11755